Ancient Creatures-Greek Mythology - Statistics

General Stats
  • This quiz has been taken 47 times
  • The average score is 11 of 20
Answer Stats
Hint Answer % Correct
2 SNAKES FOR HAIR AND EYES THAT CAN TURN A MAN INTO STONE MEDUSA
100%
1 HEAD OF A BULL AND BODY OF A MAN MINOTAUR
98%
4 A HORSE WITH WINGS PEGASUS
98%
8 THE UPPER BODY IS HUMAN AND THE REST IS HORSE LIKE CENTAUR
95%
3 GIANTS WITH ONLY ONE EYE CYCLOPS
95%
7 A DOG WITH THREE HEADS CERBERUS
90%
5 HEAD OF A WOMAN AND BODY OF A BIRD SIREN
71%
19 A MAN WITH GOAT LEGS AND HORNS SATYR
68%
14 THE BODY AND HEAD OF A LION ONE MORE HEAD OF A GOAT AND A SNAKE AS A TAIL CHIMERA
66%
11 A WOMAN WITH A FISH LIKE TAIL AND TWO DOG HEADS ON HER BELLY SCYLLA
56%
12 IT LIVED AT THE OPPOSITE SIDE FROM THE CREATURE ABOVE CHARYBDIS
49%
9 WOMEN WITH WINGS HARPIES
39%
20 A CREATURE WITH GOLDEN FUR AND STRONG CLAWS THAT COULD NOT BE KILLED WITH MORTAL WEPONS (HERCULES KILLED IT) NEMEAN LION
39%
10 A MAN LIKE BEAST WITH HUNDRED SNAKE HEADS ON HIS ARMS THAT CAN SPIT FIRE AND SPEAK TYPHON
27%
17 A WOMAN WITH TWO SERPENT TAILS FOR LEGS ECHIDNA
22%
13 THE CREATURE THAT WAS THE GURDIAN OF THE APPLES OF HESPERIDES DRAGON
20%
18 A MAN WITH A FISH TAIL TRITON
15%
6 A MANY HEADED DRAGON LERNEAN HYDRA
7%
16 A TWO HEADED DOG WITH A SERPENT TAIL ORTHRUS
7%
15 A HEAD OF A WOMAN AND A BODY OF A LION WITH WINGS SPYNX
2%
No matching quizzes found
Score Distribution
Percent of People with Each Score
Percentile by Number Answered
Your Score History
You have not taken this quiz